000 00325nam a2200121Ia 4500
008 180219s9999 xx 000 0 und d
020 _a00781752418
100 _aMartin, Anna L.
245 _aNursing 2003 drug handbook /
250 _a23rd ed
260 _aSan Juan City
_bC & E publishing
_c2003
300 _avii, 1394 pages
999 _c355975
_d355975